|
|
|
|
| LEADER |
01476nam a2200373Ia 4500 |
| 001 |
EBC3414852 |
| 003 |
MiAaPQ |
| 005 |
20200520144314.0 |
| 006 |
m o d | |
| 007 |
cr cn||||||||| |
| 008 |
090915s2010 miu sb 001 0 eng d |
| 010 |
|
|
|z 2009038397
|
| 020 |
|
|
|z 9780472117123 (cloth : alk. paper)
|
| 035 |
|
|
|a (MiAaPQ)EBC3414852
|
| 035 |
|
|
|a (Au-PeEL)EBL3414852
|
| 035 |
|
|
|a (CaPaEBR)ebr10395592
|
| 035 |
|
|
|a (CaONFJC)MIL263879
|
| 035 |
|
|
|a (OCoLC)650310394
|
| 040 |
|
|
|a MiAaPQ
|c MiAaPQ
|d MiAaPQ
|
| 050 |
|
4 |
|a HG1660.A3
|b S53 2010
|
| 082 |
0 |
4 |
|a 332.0240086/942
|2 22
|
| 100 |
1 |
|
|a Sherraden, Margaret S.
|
| 245 |
1 |
0 |
|a Striving to save
|h [electronic resource] :
|b creating policies for financial security of low-income families /
|c Margaret Sherrard Sherraden and Amanda Moore McBride with Sondra G. Beverly.
|
| 260 |
|
|
|a Ann Arbor :
|b University of Michigan Press,
|c 2010.
|
| 300 |
|
|
|a xi, 323 p.
|
| 504 |
|
|
|a Includes bibliographical references and index.
|
| 533 |
|
|
|a Electronic reproduction. Ann Arbor, MI : ProQuest, 2015. Available via World Wide Web. Access may be limited to ProQuest affiliated libraries.
|
| 650 |
|
0 |
|a Individual development accounts.
|
| 650 |
|
0 |
|a Poor
|x Finance, Personal.
|
| 655 |
|
4 |
|a Electronic books.
|
| 700 |
1 |
|
|a McBride, Amanda Moore,
|d 1971-
|
| 700 |
1 |
|
|a Beverly, Sondra G.
|
| 710 |
2 |
|
|a ProQuest (Firm)
|
| 856 |
4 |
0 |
|u https://ebookcentral.proquest.com/lib/matrademy/detail.action?docID=3414852
|z Click to View
|